[Event "Minsk"]
[Site "Minsk"]
[Date "1996.??.??"]
[Round "2"]
[White "Filippov, Valerij"]
[Black "Kruppa, Yuri"]
[Result "1-0"]
[WhiteElo "2530"]
[BlackElo "2580"]
[Annotator "Ftacnik,L"]
[PlyCount "83"]
[EventDate "1996.??.??"]
[EventType "tourn"]
[EventRounds "11"]
[EventCountry "BLR"]
[EventCategory "11"]
[SourceTitle "CBM 054"]
[Source "ChessBase"]
[SourceDate "1996.10.01"]
[SourceVersion "1"]
[SourceVersionDate "1996.10.01"]
[SourceQuality "1"]

1. d4 Nf6 2. Nf3 g6 3. c4 Bg7 4. g3 c6 5. Bg2 d5 6. cxd5 cxd5 7. Nc3 O-O 8. Ne5
e6 9. O-O Nfd7 10. f4 Nc6 11. b3 Ndxe5 (11... Nb6 12. Ba3 Re8 13. Rc1 f6 14.
Nxc6 bxc6 15. e4 dxe4 16. Nxe4 f5 17. Nd6 Bf8 18. Nxc8 Bxa3 19. Nxb6 axb6 20.
Rc2 Ra7 21. Bxc6 Rf8 {Dizdarevic,E-Vanheste,J/Belgrade GMA/1988/1/2-1/2 (49)})
(11... Qa5 12. Na4 (12. Bb2 Ndxe5 13. dxe5 (13. fxe5 Bd7 14. e4 Qb4 15. exd5
Qxd4+ 16. Qxd4 Nxd4 17. dxe6 Bxe6 18. Bxb7 Rab8 19. Bg2 Bxe5 20. Rae1 Bg7 21.
Rf2 Rfc8 22. Nd5 {1/2-1/2 Grabarczyk,M-Jasnikowski,Z/Wisla BES (05)/1992/ (47)}
) 13... Rd8 14. Na4 Bd7 15. Bc3 Qa6 16. Be1 b6 17. g4 g5 18. e3 Rac8 19. h4 d4
20. exd4 gxf4 21. Rxf4 Nxe5 (21... Be8 $1 $17 {><e5, d4}) 22. dxe5 Bxa4 23. Rd4
{1/2-1/2 Cvitan,O-Sokolov,I/Novi Sad olm (05)/1990/ (41)}) (12. Bd2 $6 Nxd4 13.
Nxd5 Qd8 14. Bb4 Nxe5 15. Bxf8 Kxf8 16. fxe5 Bxe5) 12... Qb4 13. Bb2 Ndxe5 14.
fxe5 Bh6 15. Qd3 Bd7 16. Rad1 Rad8 17. a3 Qe7 18. Nc3 Na5 19. e4 dxe4 20. Nxe4
b6 21. Nf6+ Kh8 22. d5 Qc5+ 23. Bd4 Qb5 24. Qe4 {Ivancsics,M-Schigan,M/AUT-ch
sf/1990/1-0 (56)}) (11... f6 12. Nf3 (12. Nxc6 bxc6 13. e4 f5 14. e5 Ba6 15.
Rf2 Qe7 16. Na4 Rfc8 17. Nc5 Nxc5 18. Ba3 Qd8 19. Bxc5 Bf8 20. Rc2 Qa5 21. Rac1
Bxc5 22. Rxc5 Qxa2 23. Ra1 Be2 {Fridman,D-Mirumian,V/WchJM-U18 Szeged (09)/
1994/1/2-1/2 (49)}) 12... Nb6 13. Ba3 Rf7 14. Rc1 Bd7 15. e3 Bf8 16. Bxf8 {
1/2-1/2 Sofrigin,A-Motwani,P/Groningen op (01)/1990/}) 12. dxe5 (12. fxe5 Bd7
13. Na4 Qe7 14. Be3 Rfc8 15. Qd2 {1/2-1/2 Cvitan,O-Kapetanovic,A/JUG-ch (07)/
1991/}) 12... f6 13. exf6 Bxf6 {Not everybody is the fan of closed pawn
structures in the center. White is better prepared for its opening with double
fianchetto and active plan of kingside attack.} 14. Bb2 Bd7 15. Qd2 Ne7 (15...
Rc8 16. Rfd1 Ne7 17. Rac1 Bc6 18. e4 Qb6+ 19. Kh1 Rcd8 20. e5 Bg7 21. Ba3 Rfe8
22. Ne2 Nf5 23. Bc5 {1/2-1/2 Cvitan,O-Rogulj,B/Mendrisio op (07)/1988/ (48)})
16. e4 Bc6 (16... dxe4 17. Nxe4 Qb6+ 18. Kh1 Bxb2 19. Qxb2 Nd5 20. Rac1 $14)
17. e5 (17. exd5 Nxd5 18. Nxd5 Bxb2 19. Qxb2 Bxd5 $10) 17... Bg7 18. Rf2 Nf5
19. Ne2 Qb6 20. Nd4 Rfe8 (20... Nxd4 21. Bxd4 Qa6 22. g4 $14) 21. g4 $1 {
This move not only drives away the strong knight, but begins the main part of
the strory- good oldfashioned kingside attack.} Nxd4 22. Bxd4 Qc7 (22... Qa6
23. h4 $40) 23. Qe3 a6 24. h4 Qe7 25. Qg3 Qb4 26. Rd1 Bf8 27. f5 $1 {Decisive
break, it is remarkable how little was in the meantime achieved by the
defender.} Bc5 (27... exf5 28. gxf5 Bc5 29. Bxc5 Qxc5 30. h5 $18) 28. Qe3 Bxd4
29. Rxd4 Qe7 (29... Qc5 30. fxg6 hxg6 31. h5 $18) 30. fxg6 Qxh4 (30... hxg6 31.
Rf6 Kh7 32. h5 $18) 31. g5 Qh5 32. gxh7+ Qxh7 (32... Kh8 33. Rf6 $18) 33. g6 $1
{The queen will never be able to prevent the disaster as a sole defender of
the king.} Qh5 (33... Qxg6 34. Qh3 $1 Re7 35. Rg4 $18) 34. Bf3 Qh3 35. Rh2 Qg3+
(35... Qf5 36. Qh6 $18) 36. Rg2 Qh3 37. g7 Re7 38. Qf2 Rf7 (38... Rxg7 39. Rdg4
$1 Rxg4 40. Bxg4 $18) 39. Rh4 Rxf3 (39... Qxf3 40. Rh8#) 40. Rh8+ Kf7 (40...
Qxh8 41. gxh8=Q+ Kxh8 42. Qh4#) 41. Rxh3 Rxf2 42. Rxf2+ (42. Rxf2+ Kxg7 43.
Rg3+ Kh6 44. Rh2#) 1-0

[Event "Candidates FIDE f1"]
[Site "Sanghi Nagar"]
[Date "1995.??.??"]
[Round "4"]
[White "Karpov, Anatoly"]
[Black "Gelfand, Boris"]
[Result "1-0"]
[WhiteElo "2765"]
[BlackElo "2700"]
[Annotator "Ftacnik,L"]
[PlyCount "99"]
[EventDate "1995.02.??"]
[EventType "match"]
[EventRounds "9"]
[EventCountry "IND"]
[SourceTitle "CBM 045"]
[Source "ChessBase"]
[SourceDate "1995.04.01"]
[SourceVersion "1"]
[SourceVersionDate "1995.04.01"]
[SourceQuality "1"]

1. d4 Nf6 2. c4 g6 3. g3 c6 4. Bg2 d5 5. cxd5 cxd5 6. Nf3 Bg7 7. Ne5 O-O 8. Nc3
e6 9. O-O Nfd7 10. f4 Nc6 11. Be3 f6 12. Nf3 Nb6 (12... b6 13. Bf2 {Zilberman,
Y-Shvidler,E/Tel Aviv-B (02)/1991/0.5 (13)}) 13. Bf2 (13. b3 Bd7 14. Kh1 Nc8
15. Bc1 N6e7 16. e4 dxe4 17. Nxe4 Nd5 18. Re1 Re8 19. Ba3 Qa5 20. Bb2 b6 21.
Nfd2 Qa6 22. Nc4 Rd8 23. a4 Qb7 24. Qe2 {Fridman,D-Odessky,I/URS-chJ Alma-Ata/
1991/1-0 (42)}) 13... Bd7 (13... f5 14. Ne5 Bd7 15. Rc1 Qe7 16. Kh1 Rac8 17.
Qd2 Rfd8 18. b3 Be8 19. Rfd1 Nd7 20. Nxd7 Bxd7 21. e3 {Kochyev,A-Westerinen,H/
Gausdal International (7)/1991/0.5 (21)}) 14. e4 dxe4 15. Nxe4 Nd5 (15... Ne7
16. Nc5 $14) 16. Re1 (16. Nc5 b6 17. Nxd7 Qxd7 $10) 16... b6 17. Nc3 Nce7 18.
Qb3 a5 (18... Rc8 19. Bh3 $1 Rc6 (19... f5 20. Ng5 Rc6 21. Bg2 $16) 20. Rac1 {
xe6}) 19. a3 (19. Bh3 a4 20. Qc2 Qc8 $13) 19... a4 20. Qd1 (20. Qa2 Rc8 21.
Rac1 Rc6 $13) 20... Nc7 $5 (20... Ra7 21. Rc1 Rc7 22. Nd2 $14) 21. Rc1 Ned5 22.
Nd2 $1 Re8 (22... b5 23. Nde4 {xc5}) 23. Nc4 Bf8 (23... Nxc3 $6 24. bxc3 Rb8
25. Nd6 Re7 26. c4 $16) 24. Ne4 $1 (24. Ne3 Nxc3 25. Rxc3 Rc8 $13) (24. Re2
Nxc3 25. Rxc3 Nd5 $132) 24... Bb5 25. Re2 Be7 26. Rec2 Rb8 (26... Rf8 $2 27.
Nxb6 $1 $16) 27. Qd2 Rf8 28. h4 Ne8 29. Ne3 Ng7 30. Nc3 $1 (30. Nxd5 exd5 31.
Nc3 Bc6 32. Ne2 Bb7 $13) 30... Nxc3 (30... Bc6 31. Ncxd5 Bxd5 32. Nxd5 exd5 33.
Qd3 b5 34. Qf3 $16) 31. Rxc3 g5 $5 (31... Bd6 32. Nc4 Bc7 33. d5 Re8 34. Rd3
$16) 32. hxg5 fxg5 33. Ng4 (33. fxg5 Bxg5) 33... gxf4 34. gxf4 Bd6 (34... Nh5
$5 35. Rf3 (35. Be3 Bd6 36. Ne5 Qh4 $132)) 35. Rf3 Be8 36. Ne5 (36. d5 Bh5 37.
Bh3 e5 $13) 36... Nf5 (36... Bxe5 37. fxe5 Rxf3 38. Bxf3 Bh5 39. Bc6 b5 40. d5
exd5 41. Ba7 $1 $16) 37. d5 $1 Bxe5 (37... exd5 38. Qxd5+ Bf7 39. Nxf7 Rxf7 40.
Rd3 $16) 38. fxe5 Rb7 (38... Qxd5 $2 39. Rg3+ $18) (38... exd5 39. Rd3 (39. Rf4
Ne7 40. Rxf8+ Kxf8 41. Bh4 $16) 39... Bf7 40. Bxd5 Bxd5 41. Rxd5 Qe7 42. Rd7
Rbd8 43. Rcc7 Rxd7 44. Rxd7 Qxe5 45. Qg5+ Kh8 46. Bd4 $18) 39. Kh2 Rg7 (39...
exd5 40. Rd3 Bf7 41. Rg1 $40) 40. Bh3 Bh5 (40... Bg6 41. d6 $16) 41. Rf4 Kh8 $2
42. Bxf5 exf5 (42... Rxf5 43. Bh4 $1 Qf8 44. Rxf5 exf5 45. Bf6 $18) 43. Bh4 Qe8
(43... Qb8 44. Bf6 Rxf6 45. exf6 Rg4 46. d6 $18) 44. Bf6 Bg4 45. Bxg7+ Kxg7 46.
Rc7+ Kh8 47. e6 Qh5+ 48. Kg1 Qg5 49. Kf2 $1 Qh4+ 50. Ke3 (50. Ke3 Qg3+ 51. Kd4
Rd8 52. e7 Re8 53. d6 $18) 1-0

[Event "USA-ch"]
[Site "Seattle"]
[Date "2002.01.05"]
[Round "1"]
[White "Shabalov, Alexander"]
[Black "Vucic, Mladen"]
[Result "1-0"]
[WhiteElo "2606"]
[BlackElo "2396"]
[Annotator "Ftacnik,L"]
[PlyCount "65"]
[EventDate "2002.01.05"]
[EventType "swiss"]
[EventRounds "9"]
[EventCountry "USA"]
[SourceTitle "CBM 087"]
[Source "ChessBase"]
[SourceDate "2002.03.21"]
[SourceVersion "1"]
[SourceVersionDate "2002.03.21"]
[SourceQuality "1"]

1. d4 Nf6 2. c4 g6 3. g3 c6 4. Bg2 d5 5. Nf3 Bg7 6. cxd5 cxd5 7. Ne5 O-O 8. Nc3
e6 9. O-O Nfd7 10. f4 Nc6 11. Be3 Nb6 12. Bf2 f6 13. Nd3 f5 14. Ne5 Bd7 15. b3
Qe7 16. Qd2 {Breaking the rock solid black's position is not easy, but the
defender must live with a bit less space.} Rfd8 (16... Rfc8 17. Rac1 Nxe5 18.
dxe5 Bc6 $11) 17. Rfc1 Be8 18. a4 Nc8 (18... Nxe5 19. dxe5 Qb4 20. Ne4 Qxd2 21.
Nxd2 $14) 19. a5 Nb4 (19... Nd6 20. Nxc6 Bxc6 21. Ra2 Ne4 $11) 20. Na4 Bxa4 21.
Rxa4 Na6 22. Qd3 (22. Ra2 Nd6 23. Rac2 Ne4 24. Qe3 Nxf2 25. Kxf2 $14) 22... Nd6
23. Nc6 $5 Qc7 (23... bxc6 24. Qxa6 Rab8 25. Rxc6 Rxb3 26. Ra1 Rb4 27. Rac1 $14
) 24. Be3 (24. Nxd8 $2 Qxc1+ 25. Bf1 Rxd8 $19) 24... Rdc8 $2 {[%mdl 64]
Tactics is failing the defender as he will have to live with a loss of
important e6 pawn.} (24... bxc6 25. Qxa6 Rac8 26. Rb4 Qd7 $11) 25. Nxa7 (25.
Ne5 Qe7 $11) 25... Qxc1+ 26. Bxc1 Rxc1+ 27. Kf2 Rxa7 (27... Ne4+ 28. Bxe4 dxe4
29. Qe3 Rc2 30. Nb5 $18) 28. Qe3 Rc6 (28... Rc7 29. Qxe6+ Nf7 30. Bxd5 $18) 29.
Qxe6+ Kf8 (29... Nf7 30. Qe8+ Bf8 31. Bxd5 Rc7 32. Rc4 $18) 30. Qd7 Nc7 (30...
Ne4+ 31. Bxe4 dxe4 32. b4 Nc7 33. b5 Nxb5 34. Qd8+ Kf7 35. Qd5+ $18) 31. a6 $1
{Shattering the coordination of defensive pieces in an original way.} Nxa6 (
31... Raxa6 32. Rxa6 Nxa6 33. Bxd5 Bxd4+ 34. Kg2 Rb6 35. Be6 $16) 32. Bxd5 b5
33. Qd8+ 1-0

[Event "Linares 09th"]
[Site "Linares"]
[Date "1991.??.??"]
[Round "4"]
[White "Salov, Valery"]
[Black "Gelfand, Boris"]
[Result "0-1"]
[WhiteElo "2645"]
[BlackElo "2700"]
[Annotator "Gelfand,B"]
[PlyCount "108"]
[EventDate "1991.02.??"]
[EventType "tourn"]
[EventRounds "13"]
[EventCountry "ESP"]
[EventCategory "17"]
[SourceTitle "CBM 022"]
[Source "ChessBase"]
[SourceDate "1991.06.01"]
[SourceVersion "1"]
[SourceVersionDate "1991.06.01"]
[SourceQuality "1"]

1. d4 {Ftacnik} Nf6 2. c4 g6 3. Nf3 Bg7 4. g3 O-O 5. Bg2 c6 6. O-O d5 7. cxd5
cxd5 8. Nc3 Ne4 9. Nxe4 dxe4 10. Ne5 Qd5 11. b3 Nc6 $5 (11... f6) 12. Bb2 (12.
Nxc6 $6 bxc6 13. Bb2 Bf5 {/\ c5}) 12... Be6 (12... Nxe5 $6 13. dxe5 Rd8 14.
Qxd5 Rxd5 15. Bxe4 Rd2 16. Bc3 Rxe2 17. Bd3 $18) 13. e3 (13. Nxc6 Qxc6 14. Rc1
Qa6 $10) (13. Nd3 Bxd4 $5) 13... Rfd8 (13... Nxe5 14. dxe5 Rfd8 15. Qb1 Bf5 16.
g4 $1 Bxg4 17. Qxe4 $14) 14. Nd3 $5 (14. Qb1) 14... f5 (14... g5 $6 15. Rc1 b6
16. f4 $1 $16 (16. f3 $5 exd3 17. f4)) 15. Nf4 Qd7 (15... Qd6 16. Ba3 $5) 16.
g4 $1 Bf7 17. gxf5 Qxf5 $2 (17... gxf5 {/\} 18. Bh3 Nb4 19. Kh1 Nd5 20. Nh5
Bxh5 21. Qxh5 e6 22. Rg1 Kh8 $132) 18. Ne2 $1 (18. Qb1 $5 Nxd4 (18... e5 {
Ftacnik} 19. dxe5) 19. Bxe4 Qg5+ 20. Kh1 e5 21. Rg1 Qe7 $132) (18. Bh3 $6 Qf6 (
18... Qg5+ $2 19. Kh1 e5 20. Ne6 Bxe6 21. Bxe6+ Kh8 22. d5 $16) 19. Qg4 h5 $1
$17) 18... e5 19. Ng3 Qc8 20. d5 Bxd5 21. Qe2 Be6 22. Nxe4 $16 Bg4 23. Qc4+ Be6
24. Qc5 (24. Qb5 $5) 24... Bf8 (24... Bh3 $2 25. Bxh3 Qxh3 26. Qc4+ Kh8 27. Ng5
$18) 25. Qc3 (25. Qb5 $5) 25... Bb4 26. Qc2 Be7 (26... Nd4 $2 27. Qxc8 Ne2+ 28.
Kh1 Raxc8 29. Bxe5 $16) 27. Rfd1 (27. Rac1 Bh3 $16) (27. f4 $6 Nb4 $1 $132)
27... Rxd1+ 28. Rxd1 Bh3 29. Qc4+ Kg7 30. Ng3 Bxg2 31. Kxg2 h5 32. h3 (32. f4
$1 h4 (32... Qg4 33. Qe2 $16) (32... Bf6 33. Qd5 exf4 34. Qd7+ Qxd7 35. Rxd7+
Kh6 36. Bxf6 fxg3 37. h4 $1 $18) 33. fxe5 $1 hxg3 34. e6+ Kh7 35. Rd7 $18) (32.
h4 $5 Rb8 33. Qd5 Bxh4 $5 (33... Qd8 $2 34. Bxe5+ Nxe5 35. Qxe5+ Bf6 36. Nxh5+
$1 $18)) 32... h4 33. Ne4 Qf5 34. Nd6 $2 (34. f4 Nd4 $5) (34. Rd5 $1 Kh6 35. f4
$18) (34. Kh2 {/\Rg1+/-}) (34. f3 {Ftacnik} Rf8 35. Qe2 $16) 34... Qg5+ 35. Kh2
(35. Kh1 Bxd6 36. Rxd6 Rf8 $10) 35... Rf8 36. Ne4 (36. Qe2 Bxd6 37. Rxd6 Kh6 {
/\e4=}) 36... Rxf2+ $1 37. Nxf2 Qg3+ 38. Kh1 Qxf2 39. Rf1 (39. Rg1 Qxb2 40. Qe4
g5 41. Qxh4 Qxa2 $15) (39. Rb1 {Ftacnik} Qf3+ 40. Kg1 Qxe3+ 41. Kg2 Bc5 $19)
39... Qxb2 40. Qf7+ $4 (40. Rf7+ Kh6 (40... Kh8 41. Rxe7 $1 (41. Qd3 $5) 41...
Qb1+ 42. Kg2 Qxa2+ 43. Kf3 Nxe7 44. Qxh4+ Kg8 45. Qxe7 Qxb3 46. Qe8+ Kg7 47.
Qxe5+ Kf7 48. Qc7+ Ke8 49. Qb8+ $10) 41. Rxe7 $10) 40... Kh6 41. Rg1 (41. Qg8
e4) 41... Qc2 42. Qg8 Bf6 (42... g5 43. Rf1 $132) 43. Qf7 (43. Rf1 Bg7 44. Rf7
Qb1+ 45. Kg2 Qb2+ 46. Kf3 e4+ $1 $19) 43... Qf5 44. Kg2 (44. Rg4 e4 $19) 44...
Bg7 45. Qxf5 (45. Qxb7 e4 $19) 45... gxf5 46. Rd1 Bf8 47. Rd7 Bc5 48. Kf3 b6
49. Rc7 e4+ 50. Ke2 Ne7 51. Rxa7 Nd5 52. a4 f4 53. a5 f3+ 54. Ke1 bxa5 0-1

[Event "ISR-chT"]
[Site "Israel"]
[Date "1999.01.23"]
[Round "3"]
[White "Roiz, Michael"]
[Black "Golod, Vitali"]
[Result "1/2-1/2"]
[WhiteElo "2355"]
[BlackElo "2554"]
[Annotator "Golod,V"]
[PlyCount "68"]
[EventDate "1999.01.??"]
[EventType "team"]
[EventRounds "11"]
[EventCountry "ISR"]
[SourceTitle "CBM 070"]
[Source "ChessBase"]
[SourceDate "1999.06.08"]
[SourceVersion "1"]
[SourceVersionDate "1999.06.08"]
[SourceQuality "1"]

1. d4 Nf6 2. c4 g6 3. Nf3 Bg7 4. g3 c6 5. Bg2 O-O 6. Nc3 d5 7. cxd5 cxd5 8. Ne5
e6 9. O-O $5 ({Another line is:} 9. Bg5 $5) 9... Nfd7 10. f4 Nc6 $5 {Is the
main line.Other options are:} (10... Nb6 $5) (10... Nxe5 $6) (10... f6) 11. Be3
f6 $5 ({Also possibly:} 11... Nb6 $5 12. Bf2 Ne7 13. e4 $140 dxe4 14. Nxe4 Nbd5
$13) 12. Nd3 $5 ({Another alternativ is:} 12. Nf3 $5) 12... f5 {[%csl Rd4]} 13.
Ne5 Nb6 ({Dubious:} 13... Ndxe5 14. dxe5 d4 15. Bxc6 dxe3 (15... dxc3 16. Bf3
cxb2 17. Rb1 $16) 16. Bg2 $14 {1-0 Shaked,T-Fedorowicz,J/Denver 1998/CBM 68 
(67)}) 14. b3 Bd7 15. Qd2 $6 $146 (15. Bc1 Rc8 16. Qd2 Qe7 17. e3 Nxe5 18. dxe5
Qb4 19. Bb2 Rc7 20. Rfd1 Rfc8 $11 {1/2-1/2 Filippov,V-Golod,V/Groningen 1995/
CBM 50 ext (63)}) ({Can be recommended:} 15. Qd3 $5 {[%cal Ge3c1,Gc1a3]} Nc8
16. Bc1 Nxe5 17. dxe5 Rf7 18. Be3 Bc6 19. Rfc1 Qa5 20. a3 a6 21. Bd4 $14 {
1-0 Kasparov,G-Topalov,V/Leon 1998/EXT 99 (36)}) 15... Nc8 $1 {[%csl Re4][%cal
Gc8d6,Gd6e4]} 16. Rac1 Nd6 17. Rfd1 $6 (17. Bf2 $142 {/\e3}) 17... Rc8 18. Bf2
Kh8 $5 {Black's plan is:Be8,Bf6,Rc7-g7,g5 with strong initiative on the king
side..} 19. Kh1 Be8 (19... Ne7 $6 {[%cal Ge7g8,Gg8f6]} 20. Qb2 $5 {[%csl Ra7,
Rd6][%cal Gb2a3]}) 20. h3 $6 (20. e3 $142 $11) 20... Rc7 $5 $15 {/\Bf6,Rg7,g5->
} 21. Na4 {[%cal Ga4c5]} b6 $5 ({Dubious:} 21... Nxe5 {in view of:} 22. dxe5 $1
(22. Rxc7 $143 Qxc7 23. dxe5 Ne4 24. Bxe4 fxe4 $15) 22... Ne4 23. Bxe4 fxe4 24.
Bxa7 Rxc1 25. Rxc1 Bc6 $44) 22. Rc2 Nxe5 23. dxe5 Rxc2 $6 ({Better is:} 23...
Ne4 $5 24. Bxe4 fxe4 $15) 24. Qxc2 Ne4 25. Be1 {Is the best move.} ({Badly:} 
25. Bxe4 fxe4 $140 26. Qxe4 $4 dxe4 27. Rxd8 e3 $1 {[%csl Rd8,Rf2][%cal Ge8c6]}
28. Rxe8 $8 Rxe8 29. Bxe3 Rc8 $19) 25... g5 $40 26. e3 Bh5 $1 {[%cal Gd8e8,
Ge8g6]} 27. Rc1 Qe8 ({Interestingly:} 27... d4 $5 {(Roiz,M)} 28. Qd3 (28. exd4
$2 gxf4 29. gxf4 Bh6 $36 {[%csl Rf4]}) 28... dxe3 29. Qxe3 gxf4 30. gxf4 Rg8
$36) 28. Nc3 gxf4 $2 {[%mdl 16384]} ({It is necessary:} 28... Qg6 $1 29. Nxe4
$140 (29. Kh2 Qh6 {/\30...Bg4!;31...Bh3|^}) 29... fxe4 $1 (29... dxe4 $6 $11)
30. g4 $2 Bxg4 $1 31. hxg4 gxf4 32. exf4 Qh6+ $1 33. Kg1 Qxf4 $17 {[%cal Gg7e5]
}) 29. exf4 Qg6 30. Kh2 Bh6 $2 (30... Rg8 $142 $13 {[%cal Gg7f8,Gf8c5]}) 31.
Qd3 $1 $14 {[%cal Gc1c2,Yc2g2,Yd3g3][%mdl 256]} Rg8 32. Rc2 Bf8 $6 ({Slightly
better is:} 32... Nc5 33. Qd4 $14) 33. Nb5 $1 a6 34. Nd6 $1 $138 (34. Nc7 $143
Nc5 35. Qd4 Qf7 $13) 34... b5 $6 (34... b5 $6 35. Rc7 $1 (35. a4 $5) (35. Rc6
$5) 35... Rg7 $140 36. Rc6 $16 {[%csl Ra6,Rb5]}) (34... Nc5 $142 35. Qd4 {
+/=/+/-}) 1/2-1/2

[Event "Iasi op"]
[Site "Iasi"]
[Date "2015.06.05"]
[Round "8"]
[White "Esen, Baris"]
[Black "Gupta, Abhijeet"]
[Result "1/2-1/2"]
[WhiteElo "2563"]
[BlackElo "2603"]
[Annotator "Gupta,A"]
[PlyCount "68"]
[EventDate "2015.05.29"]
[EventType "swiss"]
[EventRounds "9"]
[EventCountry "ROU"]
[SourceTitle "CBM 167"]
[Source "ChessBase"]
[SourceDate "2015.07.13"]
[SourceVersion "1"]
[SourceVersionDate "2015.07.13"]
[SourceQuality "1"]

{This was a penultimate game and my opponent was leading by half a point from
the rest of the field,so my intention was take some risk but not to go all out
as in the next game I would still have chance to catch the eventual winner.} 1.
d4 Nf6 2. c4 g6 3. Nf3 Bg7 4. g3 c6 5. Bg2 O-O 6. Nc3 d5 7. cxd5 cxd5 8. Ne5 e6
9. O-O Nfd7 10. f4 Nc6 11. Be3 {The old main line, it became popular during
the Karpov-Kasparov match.} Nb6 12. Bf2 Bd7 (12... Ne7 {This is the latest
tabiya in this line but the move played in the game is also not bad.}) 13. e4
Ne7 14. Nxd7 Qxd7 15. e5 {Let's take stock after the opening, White has more
space and the two bishops whereas Black has some squares for the knights and
some chance to get activity on the queenside.} Rfc8 16. Qe2 Rc7 {White's main
idea here is to first consolidate the queenside and then start pushing the
pawns on the kingside. That's the reason why Black has to be very fast with
his counterplay hence the position becomesvery sharp, exactly what I wanted :)}
17. Rfd1 Rac8 18. Rd3 Na4 19. Be1 Nxc3 (19... b5 $5 20. Nxa4 bxa4 21. Bf1 $1 {
Somehow I didn't see a clear way for equality after this strong move} Rc2 22.
Rd2 $14) 20. bxc3 $1 {The reason I put an exclamation mark after this move is
that now the position has turned completely. From being a slow dry game it
will get extremely sharp now.} (20. Bxc3 {Here both the moves gives easy game
for Black} Qa4 (20... b5 21. a3 Nc6) 21. Bf1 b5) 20... b5 21. g4 Rc4 22. Rb1 a5
$6 {There is no need for this move and also because of this the b5-pawn
becomes really weak.} (22... Nc6 23. Bf1 (23. Qf2 b4 24. cxb4 Bf8 $1 {with the
idea} 25. b5 $2 (25. a3 a5 $132) 25... Nxd4) 23... b4 24. Qf2 bxc3 25. Rc1 Bf8
{[%cal Gc6d4]} 26. Rdxc3 Rxc3 27. Rxc3 a5 28. Bd2 Bb4 29. Rh3 Bxd2 (29... Qa7
30. Be3 Bc3 31. Qh4 f5 32. exf6 Bxd4 33. Qf2) 30. Qxd2 a4 $11 (30... Qa7 31.
Rc3)) 23. Qf2 Bf8 (23... b4 24. cxb4 axb4 25. Rxb4 Nc6 26. Rxc4 dxc4 27. Rd1
Ne7 {[%cal Ge7d5] even here Black has huge compensation for the missing pawn.})
24. Bf1 $1 b4 25. cxb4 $6 (25. Rh3 {I was mainly afraid of this move during
the game and it turns out that it's easy to fully equalise after this move}
R4c7 26. cxb4 Rc2 27. Qh4 h6 28. b5 Rxa2 29. Rc3 Rxc3 30. Bxc3 a4 31. Bd3 Qb7
32. Qe1 {White has better chances on both flankes.}) 25... axb4 26. Bxb4 Qa4
27. a3 (27. Ra3 Rxb4 28. Rxa4 Rxb1 {To be honest I was never really worried
about this option during the game but then again it's always different once
you come back and load it in your computer :)} 29. Kg2 Rcb8 30. Kg3 R8b2 31.
Qf3 Ra1 {Black should be able build up a fortress here.}) 27... Rc2 28. Qh4 Rc1
$1 {Here I decided to force a draw.} 29. Rxc1 Rxc1 30. Bxe7 Qc4 31. Rf3 Qxd4+
32. Rf2 Bxe7 33. Qxe7 Rxf1+ 34. Kxf1 Qd1+ 1/2-1/2

[Event "Women-Veterans"]
[Site "Prague"]
[Date "1995.??.??"]
[Round "3"]
[White "Portisch, Lajos"]
[Black "Xie, Jun"]
[Result "1/2-1/2"]
[WhiteElo "2615"]
[BlackElo "2540"]
[Annotator "Hecht,H"]
[PlyCount "80"]
[EventDate "1995.07.??"]
[EventType "schev"]
[EventRounds "5"]
[EventCountry "CZE"]
[SourceTitle "CBM 048"]
[Source "ChessBase"]
[SourceDate "1995.10.01"]
[SourceVersion "1"]
[SourceVersionDate "1995.10.01"]
[SourceQuality "1"]

1. d4 Nf6 2. c4 g6 3. Nf3 Bg7 4. g3 O-O 5. Bg2 c6 6. Nc3 d5 7. cxd5 cxd5 8. Ne5
e6 9. O-O Nfd7 10. f4 Nc6 11. Be3 Ne7 12. Bf2 Nb6 13. a4 f6 14. Nd3 Nc4 15. b3
Nd6 16. Rc1 Nc6 17. e3 f5 18. Be1 Ne4 19. Kh1 Rf7 20. Ne5 Nxe5 21. dxe5 Nxc3
22. Bxc3 b6 23. Rf2 Ba6 24. Bb4 Rc8 25. Bd6 Rxc1 26. Qxc1 Bf8 27. Bxf8 Rc7 28.
Rc2 Rxc2 29. Qxc2 Kxf8 30. Qc6 Ke7 31. h3 Bd3 32. Qb7+ Qd7 33. Qb8 Be4 34. h4
h5 35. Kh2 Bxg2 36. Kxg2 {Q-Q (7-7 P) Raum, Dauerschachverteidígung unter
P-Aufgabe} Qc6 $1 (36... Kf7 37. Qh8 Qe8 38. Qh7+ Kf8 39. Qc7 Qe7 $14) 37.
Qxa7+ Kf8 38. Qb8+ Kg7 39. Qd6 Qc2+ 40. Kh3 Qd1 1/2-1/2